书目信息 |
| 题名: |
电力系统可靠性原理和应用
|
|
| 作者: | 郭永基 编著 | |
| 分册: | 上册 | |
| 出版信息: | 北京 清华大学出版社 1985 |
|
| 页数: | 174页 | |
| 开本: | 26cm | |
| 丛书名: | ||
| 单 册: | ||
| 中图分类: | TM711 , TM7 | |
| 科图分类: | ||
| 主题词: | 发电系统-系统可靠性--分析 , 系统可靠性-发电系统--分析 , 输电--电力工程 , 配电系统--电力工程 , 电力系统 | |
| 电子资源: | ||
| ISBN: | ||
| 000 | 00808nam0 2200289 45 | |
| 001 | 0185016843 | |
| 005 | 20040521085725.4 | |
| 010 | @dCNY1.90 | |
| 100 | @a19951116d1985 em y0chiy0121 ea | |
| 101 | 0 | @achi |
| 102 | @aCN@b110000 | |
| 105 | @ay z 000yy | |
| 106 | @ar | |
| 200 | 10 | @a电力系统可靠性原理和应用@h上册@Adian li xi tong ke kao xing yuan li he ying yong@f郭永基编著 |
| 210 | @a北京@c清华大学出版社@d1985 | |
| 215 | @a174页@d26cm | |
| 606 | @a发电系统-系统可靠性@x分析 | |
| 606 | @a系统可靠性-发电系统@x分析 | |
| 606 | 0 | @a输电@x电力工程 |
| 606 | 0 | @a配电系统@x电力工程 |
| 606 | 0 | @a电力系统 |
| 690 | @aTM711@v3 | |
| 690 | @aTM7 | |
| 701 | 0 | @a郭永基@4编著@Aguo yong ji |
| 801 | 0 | @aCN@b深圳图书馆@c20040521 |
| 801 | 2 | @aCN@bNLC@c20040521 |
| 905 | @f2@b139579-580@dTM7@e13:1 | |
| 电力系统可靠性原理和应用.上册/郭永基编著.-北京:清华大学出版社,1985 |
| 174页;26cm |
| ISBN :CNY1.90 |
| ● |
| 相关链接 |
|
|
|
|
正题名:电力系统可靠性原理和应用
索取号:TM7/13:1
 
预约/预借
| 序号 | 登录号 | 条形码 | 馆藏地/架位号 | 状态 | 备注 |
| 1 | 0139579 | 001344986 | 密集书库/ [索取号:TM7/13:1] | 在馆 | |
| 2 | 0139580 | 001345413 | 第三借阅区/ [索取号:TM7/13:1] | 在馆 | |
| 3 | 0139581 | 001698782 | 第二样本阅览室/ [索取号:TM7/13:1] | 在馆 |